Pensamientos, o reflexiones christianas, para todos los días de el año (Record no. 8481)

MARC details
000 -CABECERA
campo de control de longitud fija 00937nam a2200217 a 4500
001 - NÚMERO DE CONTROL
campo de control BRCA_8830
005 - FECHA Y HORA DE LA ÚLTIMA TRANSACCIÓN
campo de control 20190320210429.0
008 - DATOS DE LONGITUD FIJA--INFORMACIÓN GENERAL
campo de control de longitud fija 050517s1766----sp-#######---#000-0#spa-#
041 ## - CÓDIGO DE LENGUA
Código de lengua del texto/banda sonora o título independiente spa
044 ## - CÓDIGO DEL PAÍS DE LA ENTIDAD EDITORA/PRODUCTORA
Código MARC del país sp
084 ## - OTRO NÚMERO DE CLASIFICACIÓN
Número de clasificación BE211
Número de documento/Ítem .N47 1766
100 1# - ENTRADA PRINCIPAL--NOMBRE DE PERSONA
Nombre de persona Nepueu, Francisco
Fechas asociadas al nombre 1639 - 1708
9 (RLIN) 22008
245 10 - MENCIÓN DE TÍTULO
Título Pensamientos, o reflexiones christianas, para todos los días de el año
Mención de responsabilidad, etc. escritos por el R.P. Francisco Nepueu, y obra traducida en castellano; y se dedican a la virgen santissima; TomoI, enero, febrero y marzo.
260 ## - PUBLICACIÓN, DISTRIBUCIÓN, ETC.
Lugar de publicación, distribución, etc. Barcelona
Nombre del editor, distribuidor, etc. En la Imprenta de María Angela Martí Viuda
Fecha de publicación, distribución, etc. 1766
300 ## - DESCRIPCIÓN FÍSICA
Extensión [22], 349 p. (t.1)
Dimensiones 15.5 x 11 cm.
500 ## - NOTA GENERAL
Nota general Con las licencias necesarias
500 ## - NOTA GENERAL
Nota general Estado físico: presenta encuadernación en pergamino con cintas rotas, presencia del pez de plata y lomo semi desprendido
650 14 - PUNTO DE ACCESO ADICIONAL DE MATERIA--TÉRMINO DE MATERIA
Término de materia o nombre geográfico como elemento de entrada Calendario litúrgico
Subdivisión cronológica Obras anteriores a 1800
9 (RLIN) 21834
902 ## - CATALOGADOR
Iniciales CFM
942 ## - ELEMENTOS DE PUNTO DE ACCESO ADICIONAL (KOHA)
Fuente del sistema de clasificación o colocación Library of Congress Classification
Tipo de ítem Koha Libros
Holdings
Estado de retiro Estado de pérdida Estado dañado No para préstamo Localización permanente Ubicación/localización actual Fecha de adquisición Total de préstamos Signatura topográfica completa Código de barras Fecha visto por última vez Precio válido a partir de Tipo de ítem Koha
El ejemplar forma parte de la colección y puede ser consultado según las políticas vigentes.       Biblioteca del Museo Franz Mayer (Rogerio Casas-Alatriste) Biblioteca del Museo Franz Mayer (Rogerio Casas-Alatriste) 05/05/2017   BE211 .N47 1766 CFM00157 22/03/2019 22/03/2019 Libros